| 000 | 00731cam a2200229 a 4500 | ||
|---|---|---|---|
| 003 | SISC | ||
| 005 | 20160314154417.0 | ||
| 008 | 080815s2009 ilua 000 0 spa | ||
| 020 | _a9780071615648 | ||
| 050 | 0 | 0 |
_aPC 4460 _b.C343 2009 |
| 082 |
_aHS 428.24 _bC26 2009 |
||
| 100 | 1 |
_aCassagne, Jean-Marie. _910975 |
|
| 245 | 1 | 0 |
_a101 Spanish idioms : _benrich your Spanish conversation with colorful everyday expressions / _cJean Marie Cassagne |
| 246 | 3 | _aOne hundred one Spanish idioms | |
| 260 |
_aChicago, IL : _bMcGraw-Hill, _cc2009. |
||
| 300 |
_avi, 138 p. : _bill. ; _c23 cm. |
||
| 490 | 0 | _a101 idioms | |
| 650 | 0 |
_aSpanish language _xIdioms. _910976 |
|
| 700 | 1 |
_aNisset, Luc. _910977 |
|
| 942 |
_2lcc _cBK |
||
| 999 |
_c346 _d346 |
||